Catálogo
 En Linea

Misa criolla dominicana / (Registro nro. 52696)

Detalles MARC
000 -CABECERA
campo de control de longitud fija 00631nam a2200217 a 4500
001 - NÚMERO DE CONTROL
campo de control 000028413
003 - IDENTIFICADOR DEL NÚMERO DE CONTROL
campo de control DO-SdBNP
005 - FECHA Y HORA DE LA ÚLTIMA TRANSACCIÓN
campo de control 20250217091458.0
007 - CAMPO FIJO DE DESCRIPCIÓN FÍSICA--INFORMACIÓN GENERAL
campo de control de longitud fija ta
008 - DATOS DE LONGITUD FIJA--INFORMACIÓN GENERAL
campo de control de longitud fija 110408s2008 dr a 000 0 spa d
040 ## - FUENTE DE LA CATALOGACIÓN
Centro catalogador/agencia de origen DO-SdBNP
Lengua de catalogación spa
Centro/agencia transcriptor BNPHU
082 ## - NÚMERO DE LA CLASIFICACIÓN DECIMAL DEWEY
Número de clasificación xxx
Número de documento/Ítem M385m
100 1# - ENTRADA PRINCIPAL--NOMBRE DE PERSONA
Nombre de persona Martíne Cabruja, Héctor
9 (RLIN) 31138
245 10 - MENCIÓN DE TÍTULO
Título Misa criolla dominicana /
Mención de responsabilidad, etc. Héctor Martínez Cabruja
260 ## - PUBLICACIÓN, DISTRIBUCIÓN, ETC.
Lugar de publicación, distribución, etc. Santo Domingo :
Nombre del editor, distribuidor, etc. [s.n.]
Fecha de publicación, distribución, etc. 2008.
300 ## - DESCRIPCIÓN FÍSICA
Extensión 40 p. ; :
Otras características físicas il. partituras ;
Dimensiones 32 cm.
590 ## - NOTA LOCAL (RLIN)
Nota local Inventariado, 2022 / DG
700 1# - PUNTO DE ACCESO ADICIONAL--NOMBRE DE PERSONA
Nombre de persona López Rodríguez, Nicolás de Jesús,
Fechas asociadas al nombre 1936-
9 (RLIN) 670
910 ## - DATOS DE OPCIÓN DEL USUARIO (OCLC)
Datos de opción del usuario DG
942 ## - ELEMENTOS DE PUNTO DE ACCESO ADICIONAL (KOHA)
Fuente del sistema de clasificación o colocación Dewey Decimal Classification
Tipo de ítem Koha Libro
Existencias
Estado de retiro Estado de pérdida Fuente del sistema de clasificación o colocación Restricciones de uso No para préstamo Código de colección Localización permanente Ubicación/localización actual Ubicación en estantería Fecha de adquisición Fuente de adquisición Total de préstamos Signatura topográfica completa Código de barras Fecha visto por última vez Precio válido a partir de Tipo de ítem Koha
    Dewey Decimal Classification Excluido de préstamo   Patrimonio Dominicano Biblioteca Nacional Pedro Henríquez Ureña Biblioteca Nacional Pedro Henríquez Ureña En catalogación 01.11.2022 Deposito Legal   xxx M385m 2022-4635 01.11.2022 01.11.2022 Libro

Con tecnología Koha